000 02065nam a22002177a 4500
005 20240319113021.0
008 240319b ||||| |||| 00| 0 eng d
020 _a9789813360082
040 _cAL
041 _aeng
082 _223
_a615.1
_bPAUI
100 _aAbialbon Paul
_9155245
245 _aIntroduction to basics of pharmacology and toxicology
_b: essentials of systemic pharmacology from principles to practice Vol. 2
260 _aSingapore
_bSpringer
_c2021
300 _axxiv,1175p.
_bHB
_c24.3x16cm.
365 _2General
_aVBI-2020
_b₹15658.00
_c
_d₹20877.05
_e25%
_f16-01-2024
520 _aThis book explains the pharmacological relationships between the various systems in the human body. It offers a comprehensive overview of the pharmacology concerning the autonomic, central, and peripheral nervous systems. Presenting up-to-date information on chemical mediators and their significance, it highlights the therapeutic aspects of several diseases affecting the cardiovascular, renal, respiratory, gastrointestinal, endocrinal, and hematopoietic systems. The book also includes drug therapy for microbial and neoplastic diseases. It also comprises sections on immunopharmacology, dermatological, and ocular pharmacology providing valuable insights into these emerging and recent topics. Covering the diverse groups of drugs acting on different systems, the book reviews their actions, clinical uses, adverse effects, interactions, and subcellular mechanisms of action. It is divided into 11 parts, subdivided into several chapters that evaluate the basic pharmacological principles that govern the different types of body systems. This book is intended for academicians, researchers, and clinicians in industry and academic institutions in pharmaceutical, pharmacological sciences, pharmacy, medical sciences, physiology, neurosciences, biochemistry, molecular biology and other allied health sciences.
650 _2Pharmacology
_aDrugs, Pharmacology
_9155246
700 _aAnandabaskar, Nishanthi; et al.
_9155247
942 _2ddc
_cBK
999 _c230500
_d230500